| 000 | 00513nam a2200205 i 4500 | ||
|---|---|---|---|
| 001 | bg | ||
| 100 | 1 | _aBUŚKO, Bernard | |
| 245 | 0 |
_a1000 słów o komputerach i informatyce / _cB. Buśko, J. Śliwieński. |
|
| 250 | _aWyd.4 popr. i uakt. | ||
| 260 |
_aWarszawa, _c1987. |
||
| 650 | 9 | _aKomputery | |
| 650 | 9 | _aInformatyka | |
| 655 | _aSłowniki | ||
| 700 | 1 | _aŚLIWIEŃSKI, Janusz | |
| 040 | _cBPK | ||
| 041 | _apol | ||
| 080 | _a681.3(03) | ||
| 942 | _cKS | ||
| 008 | s pl f |000 0 pol | ||
| 999 |
_c23565 _d23565 |
||
| 856 |
_uhttp://koha.tu.koszalin.pl/cgi-bin/koha/opac-detail.pl?biblionumber=23565 _yKatalog online BPK |
||